000
00318nam a2200109Ia 4500
008
200302s9999 xx 000 0 und d
100
_a
Peter Gisolfi
245
_a
Peter Gisolfi Associates : Finding The Place Of Architecture In The Landscape
260
_b
Images Publishing, Austraila
260
_c
2007
300
_a
292 P
999
_c
4802
_d
4802